I am smart / Suzy Capozzi ; illustrated by Eren ... Read More
Available copies
- 0 of 1 copy available at LARL/NWRL Consortium.
Current holds
0 current holds with 1 total copy.
View other formats and editions
Show Only Available Copies
| Location | Call Number / Copy Notes | Barcode | Shelving Location | Status | Due Date |
|---|---|---|---|---|---|
| Thief River Falls Public Library | e CAP (Text) | 35500006532657 | Main | Checked out | 07/13/2026 |
Record details
- ISBN: 9781623369590
- ISBN: 1623369592
- ISBN: 9781623369576
- ISBN: 1623369576
- Physical Description: 32 pages : color illustrations ; 23 cm.
- Publisher: New York, NY : Rodale Kids, [2018]
Content descriptions
| General Note: | "Stickers included inside!"--Cover. |
Search for related items by subject
| Subject: | Science projects > Juvenile fiction. Science > Experiments > Juvenile fiction. |
Search for related items by series
| LDR | 01383cam a2200397Ii 4500 | ||
|---|---|---|---|
| 001 | 381259 | ||
| 003 | LARL_NWRL_CONSORTIUM | ||
| 005 | 20211208182125.0 | ||
| 008 | 170821s2018 nyua b 000 1 eng d | ||
| 019 | . | ‡a1001327078 | |
| 020 | . | ‡a9781623369590 ‡q(hardcover) | |
| 020 | . | ‡a1623369592 ‡q(hardcover) | |
| 020 | . | ‡a9781623369576 ‡q(paperback) | |
| 020 | . | ‡a1623369576 ‡q(paperback) | |
| 035 | . | ‡a(OCoLC)1001328535 ‡z(OCoLC)1001327078 | |
| 040 | . | ‡aYDX ‡beng ‡erda ‡cYDX ‡dBDX ‡dOCO ‡dOQX ‡dPCX ‡dJAS ‡dGZD | |
| 082 | 1 | 4. | ‡a[E] |
| 100 | 1 | . | ‡aCapozzi, Suzy, ‡eauthor. |
| 245 | 1 | 0. | ‡aI am smart / ‡cSuzy Capozzi ; illustrated by Eren Unten. |
| 264 | 1. | ‡aNew York, NY : ‡bRodale Kids, ‡c[2018] | |
| 300 | . | ‡a32 pages : ‡bcolor illustrations ; ‡c23 cm. | |
| 336 | . | ‡atext ‡btxt ‡2rdacontent | |
| 336 | . | ‡astill image ‡bsti ‡2rdacontent | |
| 337 | . | ‡aunmediated ‡bn ‡2rdamedia | |
| 338 | . | ‡avolume ‡bnc ‡2rdacarrier | |
| 490 | 0 | . | ‡aRodale Kids curious readers. Level 2 |
| 500 | . | ‡a"Stickers included inside!"--Cover. | |
| 590 | . | ‡aAccompanying material may vary. | |
| 650 | 0. | ‡aScience projects ‡vJuvenile fiction. | |
| 650 | 0. | ‡aScience ‡xExperiments ‡vJuvenile fiction. | |
| 700 | 1 | . | ‡aUnten, Eren Blanquet, ‡eillustrator. |
| 901 | . | ‡a381259 ‡b ‡c381259 ‡tbiblio | |

Add to basket
Permalink
Enable Highlighting